Automobili europee - Statistics

Statistiche generali
  • Questo quiz è stato fatto 777 volte
  • Il punteggio medio è 12 su 21
Statistiche sulle risposte
Modello Marca % Corretto
Giulia Alfa Romeo
98%
Ibiza SEAT
88%
Mégane Renault
87%
Enzo Ferrari
82%
TT Audi
81%
911 Carrera Porsche
81%
Maggiolino Volkswagen
78%
127 FIAT
70%
206 Peugeot
66%
Veyron Bugatti
64%
i8 BMW
63%
Fulvia Lancia
57%
2CV Citroën
56%
SLK Mercedes-Benz
56%
XC90 Volvo
55%
Quattroporte Maserati
48%
Niva Lada
31%
A112 Autobianchi
29%
Silver Shadow Rolls-Royce
24%
900 Saab
18%
Metro Austin
17%
Nessun quiz corrispondente trovato
Distribuzione punteggi
Percentuale di utenti per punteggio
Percentile per numero di risposta
I tuoi punteggi nel tempo
Non hai fatto questo quiz